<?xml version="1.0" encoding="UTF-8"?>
<collection xmlns="http://www.loc.gov/MARC21/slim">
 <record>
  <leader>00766pamaa2200229   4500</leader>
  <controlfield tag="001">0000046184</controlfield>
  <controlfield tag="005">20130117090000.0</controlfield>
  <controlfield tag="008">091013                             eng  </controlfield>
  <datafield tag="020" ind1="0" ind2="0">
   <subfield code="a">9780324421446 / 0324421443 (hbk.) </subfield>
  </datafield>
  <datafield tag="090" ind1="0" ind2="0">
   <subfield code="a">HD8072.5 </subfield>
   <subfield code="b">HOL 2009</subfield>
  </datafield>
  <datafield tag="100" ind1="1" ind2="0">
   <subfield code="a">Holley </subfield>
  </datafield>
  <datafield tag="245" ind1="1" ind2="4">
   <subfield code="a">The labor relations process  </subfield>
   <subfield code="c">William H. Holley, Jr., Kenneth M. Jennings, Roger S. Wolters.</subfield>
  </datafield>
  <datafield tag="250" ind1="0" ind2="0">
   <subfield code="a">9th ed.</subfield>
  </datafield>
  <datafield tag="260" ind1="0" ind2="0">
   <subfield code="a">Mason, Ohio: </subfield>
   <subfield code="b">South-Western Cengage Learning, </subfield>
   <subfield code="c">2009.</subfield>
  </datafield>
  <datafield tag="300" ind1=" " ind2=" ">
   <subfield code="a">xx, 696 p.: </subfield>
   <subfield code="b">ill.; </subfield>
   <subfield code="c">27 cm.</subfield>
  </datafield>
  <datafield tag="501" ind1="0" ind2="0">
   <subfield code="a">BATUH</subfield>
  </datafield>
  <datafield tag="501" ind1="0" ind2="0">
   <subfield code="a">BBADI</subfield>
  </datafield>
  <datafield tag="504" ind1="0" ind2="0">
   <subfield code="a">Includes bibliographical references and index</subfield>
  </datafield>
  <datafield tag="650" ind1="0" ind2="0">
   <subfield code="a">Industrial relations -- </subfield>
   <subfield code="z">United States </subfield>
  </datafield>
  <datafield tag="700" ind1="1" ind2="1">
   <subfield code="a">Jennings, </subfield>
   <subfield code="h">Kenneth M. </subfield>
  </datafield>
  <datafield tag="700" ind1="1" ind2="1">
   <subfield code="a">Wolters, </subfield>
   <subfield code="h">Roger S. </subfield>
  </datafield>
  <datafield tag="901" ind1=" " ind2=" ">
   <subfield code="u">www.ichapters.com</subfield>
  </datafield>
 </record>
</collection>
